1891年の東北本線の駅名 - Statistics

General Stats
  • This quiz has been taken 429 times
  • The average score is 34 of 56
Answer Stats
Answer % Correct
大宮
97%
宇都宮
97%
仙台
94%
浦和
93%
小山
92%
郡山
92%
福島
92%
盛岡
92%
黒磯
90%
白河
89%
一ノ関
86%
久喜
85%
古河
84%
花巻
84%
白石
83%
岩沼
80%
栗橋
79%
小牛田
79%
蓮田
78%
水沢
75%
二本松
74%
矢板
71%
須賀川
70%
西那須野
69%
松島
69%
野辺地
69%
石橋
64%
沼宮内
61%
王子
60%
本宮
60%
槻木
59%
浅虫
58%
矢吹
57%
大河原
57%
桑折
55%
岩切
54%
黒田原
53%
好摩
53%
松川
50%
石越
50%
越河
48%
豊原
46%
前沢
42%
花泉
40%
日詰
40%
瀬峰
38%
尻内
33%
小湊
25%
黒沢尻
20%
小鳥谷
19%
増田
12%
中山
10%
三ノ戸
7%
長久保
6%
沼崎
6%
古田
5%
No matching quizzes found
Score Distribution
Percent of People with Each Score
Percentile by Number Answered
Your Score History
You have not taken this quiz